[Event "Stay Safe Play from Home 161"]
[Site "T#646205Emanuel Laske"]
[Date "2020.05.20"]
[Round "9"]
[White "Mosti"]
[Black "Toosieslide"]
[Result "1-0"]
[WhiteElo "2474"]
[BlackElo "2181"]
[PlyCount "67"]
[EventDate "2020.05.20"]
[EventType "swiss (blitz)"]

1. d4 {[%emt 0:00:00]} d5 {[%emt 0:00:05]} 2. Nf3 {[%emt 0:00:00]} Nf6 {[%emt 0:00:01]} 3. g3 {[%emt 0:00:00]} c6 {[%emt 0:00:00]} 4. Bg2 {[%emt 0:00:00]} Bf5 {[%emt 0:00:00]} 5. O-O {[%emt 0:00:00]} e6 {[%emt 0:00:00]} 6. b3 {[%emt 0:00:00]} Nbd7 {[%emt 0:00:00]} 7. Bb2 {[%emt 0:00:00]} h6 {[%emt 0:00:00]} 8. Nbd2 {[%emt 0:00:00]} Be7 {[%emt 0:00:01]} 9. c4 {[%emt 0:00:00]} O-O {[%emt 0:00:00]} 10. Ne5 {[%emt 0:00:00]} Nxe5 {[%emt 0:00:01]} 11. dxe5 {[%emt 0:00:00]} Nd7 {[%emt 0:00:01]} 12. e4 {[%emt 0:00:00]} dxe4 {[%emt 0:00:01]} 13. Nxe4 {[%emt 0:00:00]} Bxe4 {[%emt 0:00:01]} 14. Bxe4 {[%emt 0:00:00]} Qc7 {[%emt 0:00:01]} 15. Bc2 {[%emt 0:00:00]} Nxe5 {[%emt 0:00:01]} 16. Qe2 {[%emt 0:00:01]} Nd7 {[%emt 0:00:02]} 17. Rad1 {[%emt 0:00:01]} Rad8 {[%emt 0:00:02]} 18. h4 {[%emt 0:00:02]} Bf6 {[%emt 0:00:01]} 19. Bc1 {[%emt 0:00:02]} Ne5 {[%emt 0:00:03]} 20. Bf4 {[%emt 0:00:02]} g5 {[%emt 0:00:03]} 21. Qe4 {[%emt 0:00:05]} Rfe8 {[%emt 0:00:06]} 22. Qh7+ {[%emt 0:00:03]} Kf8 {[%emt 0:00:00]} 23. Qxh6+ {[%emt 0:00:00]} Ke7 {[%emt 0:00:00]} 24. Bxg5 {[%emt 0:00:01]} Bxg5 {[%emt 0:00:05]} 25. Qxg5+ {[%emt 0:00:00]} Kf8 {[%emt 0:00:00]} 26. Qh6+ {[%emt 0:00:01]} Ke7 {[%emt 0:00:01]} 27. Qg5+ {[%emt 0:00:01]} Kf8 {[%emt 0:00:01]} 28. Be4 {[%emt 0:00:01]} Rxd1 {[%emt 0:00:02]} 29. Rxd1 {[%emt 0:00:00]} Nd7 {[%emt 0:00:01]} 30. Qh6+ {[%emt 0:00:01]} Ke7 {[%emt 0:00:01]} 31. Qg5+ {[%emt 0:00:01]} Kf8 {[%emt 0:00:02]} 32. h5 {[%emt 0:00:01]} Rd8 {[%emt 0:00:01]} 33. h6 {[%emt 0:00:01]} Re8 {[%emt 0:00:03]} 34. h7 {[%emt 0:00:01] Toosieslide resigns (Lag: Av=0.52s, max=0.6s)} 1-0

[Event "Stay Safe Play from Home 161"]
[Site "T#646205Emanuel Laske"]
[Date "2020.05.20"]
[Round "9"]
[White "Eidgenosse"]
[Black "Emresenar"]
[Result "1-0"]
[WhiteElo "2434"]
[BlackElo "1770"]
[PlyCount "45"]
[EventDate "2020.05.20"]
[EventType "swiss (blitz)"]

1. d4 {[%emt 0:00:00]} d5 {[%emt 0:00:02]} 2. Nc3 {[%emt 0:00:00]} g6 {[%emt 0:00:01]} 3. h4 {[%emt 0:00:01]} Bg7 {[%emt 0:00:00]} 4. h5 {[%emt 0:00:01]} gxh5 {[%emt 0:00:02]} 5. Rxh5 {[%emt 0:00:02]} Nf6 {[%emt 0:00:00]} 6. Rg5 {[%emt 0:00:00]} Bh6 {[%emt 0:00:02]} 7. Re5 {[%emt 0:00:04]} Bg7 {[%emt 0:00:04]} 8. Nf3 {[%emt 0:00:02]} Nc6 {[%emt 0:00:05]} 9. Rg5 {[%emt 0:00:01]} Bh6 {[%emt 0:00:01]} 10. Rg3 {[%emt 0:00:00]} Bxc1 {[%emt 0:00:04]} 11. Rxc1 {[%emt 0:00:00]} Bf5 {[%emt 0:00:04]} 12. e3 {[%emt 0:00:01]} a6 {[%emt 0:00:03]} 13. Bd3 {[%emt 0:00:01]} Ne4 {[%emt 0:00:01]} 14. Bxe4 {[%emt 0:00:03]} Bxe4 {[%emt 0:00:01]} 15. Nxe4 {[%emt 0:00:01]} dxe4 {[%emt 0:00:00]} 16. Ng5 {[%emt 0:00:00]} f5 {[%emt 0:00:01]} 17. Qh5+ {[%emt 0:00:02]} Kd7 {[%emt 0:00:04]} 18. Nf7 {[%emt 0:00:03]} Qe8 {[%emt 0:00:03]} 19. Qxf5+ {[%emt 0:00:01]} e6 {[%emt 0:00:05]} 20. Ne5+ {[%emt 0:00:01]} Nxe5 {[%emt 0:00:02]} 21. Rg7+ {[%emt 0:00:00]} Kd6 {[%emt 0:00:04]} 22. Qxe5+ {[%emt 0:00:02]} Kc6 {[%emt 0:00:03]} 23. Qc5# {[%emt 0:00:00] (Lag: Av=0.51s, max=0.9s)} 1-0

[Event "Stay Safe Play from Home 161"]
[Site "T#646205Emanuel Laske"]
[Date "2020.05.20"]
[Round "9"]
[White "Mepe_Nika"]
[Black "Weltszmerc"]
[Result "1-0"]
[WhiteElo "2263"]
[BlackElo "2032"]
[PlyCount "93"]
[EventDate "2020.05.20"]
[EventType "swiss (blitz)"]

1. b3 {[%emt 0:00:02]} Nf6 {[%emt 0:00:00]} 2. Bb2 {[%emt 0:00:00]} d5 {[%emt 0:00:00]} 3. Bxf6 {[%emt 0:00:01]} exf6 {[%emt 0:00:01]} 4. Nf3 {[%emt 0:00:01]} f5 {[%emt 0:00:00]} 5. g3 {[%emt 0:00:00]} g6 {[%emt 0:00:00]} 6. Bg2 {[%emt 0:00:01]} Qf6 {[%emt 0:00:01]} 7. d4 {[%emt 0:00:01]} Bg7 {[%emt 0:00:01]} 8. Nbd2 {[%emt 0:00:01]} O-O {[%emt 0:00:01]} 9. O-O {[%emt 0:00:01]} c6 {[%emt 0:00:00]} 10. Ne5 {[%emt 0:00:01]} Nd7 {[%emt 0:00:01]} 11. Nxd7 {[%emt 0:00:01]} Bxd7 {[%emt 0:00:01]} 12. c3 {[%emt 0:00:00]} Qe7 {[%emt 0:00:01]} 13. e3 {[%emt 0:00:01]} Rfe8 {[%emt 0:00:01]} 14. c4 {[%emt 0:00:01]} dxc4 {[%emt 0:00:01]} 15. Nxc4 {[%emt 0:00:00]} Be6 {[%emt 0:00:01]} 16. Rc1 {[%emt 0:00:01]} Bd5 {[%emt 0:00:01]} 17. Bxd5 {[%emt 0:00:02]} cxd5 {[%emt 0:00:00]} 18. Nd2 {[%emt 0:00:01]} h5 {[%emt 0:00:01]} 19. Qe2 {[%emt 0:00:01]} h4 {[%emt 0:00:01]} 20. Nf3 {[%emt 0:00:01]} hxg3 {[%emt 0:00:01]} 21. hxg3 {[%emt 0:00:00]} Qe4 {[%emt 0:00:01]} 22. Nd2 {[%emt 0:00:01]} Qxd4 {[%emt 0:00:02]} 23. Rc7 {[%emt 0:00:03]} Qb6 {[%emt 0:00:03]} 24. Rfc1 {[%emt 0:00:01]} Rad8 {[%emt 0:00:05]} 25. Nf3 {[%emt 0:00:02]} d4 {[%emt 0:00:02]} 26. Qc4 {[%emt 0:00:01]} Qe6 {[%emt 0:00:07]} 27. Nxd4 {[%emt 0:00:05]} Qxc4 {[%emt 0:00:01]} 28. R1xc4 {[%emt 0:00:00]} Bxd4 {[%emt 0:00:01]} 29. Rxd4 {[%emt 0:00:01]} Rxd4 {[%emt 0:00:01]} 30. exd4 {[%emt 0:00:00]} Re1+ {[%emt 0:00:02]} 31. Kg2 {[%emt 0:00:01]} Re2 {[%emt 0:00:01]} 32. a4 {[%emt 0:00:02]} b6 {[%emt 0:00:03]} 33. Rxa7 {[%emt 0:00:01]} Rb2 {[%emt 0:00:01]} 34. Rb7 {[%emt 0:00:01]} Rxb3 {[%emt 0:00:01]} 35. a5 {[%emt 0:00:00]} Rb4 {[%emt 0:00:01]} 36. a6 {[%emt 0:00:05]} Kg7 {[%emt 0:00:05]} 37. d5 {[%emt 0:00:03]} Kf6 {[%emt 0:00:01]} 38. d6 {[%emt 0:00:01]} Ke6 {[%emt 0:00:01]} 39. d7 {[%emt 0:00:01]} Ke7 {[%emt 0:00:01]} 40. a7 {[%emt 0:00:03]} Ra4 {[%emt 0:00:01]} 41. Kf3 {[%emt 0:00:01]} b5 {[%emt 0:00:03]} 42. Ke3 {[%emt 0:00:01]} b4 {[%emt 0:00:01]} 43. Kd3 {[%emt 0:00:01]} Ra3+ {[%emt 0:00:01]} 44. Kc4 {[%emt 0:00:01]} b3 {[%emt 0:00:01]} 45. Kc5 {[%emt 0:00:01]} b2 {[%emt 0:00:00]} 46. Kc6 {[%emt 0:00:01]} Rxa7 {[%emt 0:00:01]} 47. d8=Q+ {[%emt 0:00:03] Czas partii (Lag: Av=0.63s, max=0.9s)} 1-0

[Event "Stay Safe Play from Home 161"]
[Site "T#646205Emanuel Laske"]
[Date "2020.05.20"]
[Round "9"]
[White "GIULIO19031975"]
[Black "Gm27"]
[Result "0-1"]
[WhiteElo "1841"]
[BlackElo "1675"]
[Annotator "NA"]
[PlyCount "66"]
[EventDate "2020.05.20"]
[EventType "swiss (blitz)"]

1. e4 {[%emt 0:00:02]} e6 {[%emt 0:00:00]} 2. Nf3 {[%emt 0:00:01]} d5 {[%emt 0:00:00]} 3. exd5 {[%emt 0:00:00]} exd5 {[%emt 0:00:00]} 4. d4 {[%emt 0:00:01]} c6 {[%emt 0:00:00]} 5. Be2 {[%emt 0:00:00]} Bd6 {[%emt 0:00:00]} 6. Nc3 {[%emt 0:00:00]} Ne7 {[%emt 0:00:00]} 7. Be3 {[%emt 0:00:01]} Bf5 {[%emt 0:00:01]} 8. Qd2 {[%emt 0:00:00]} Nd7 {[%emt 0:00:01]} 9. O-O-O {[%emt 0:00:01]} Qc7 {[%emt 0:00:01]} 10. Kb1 {[%emt 0:00:00]} O-O-O {[%emt 0:00:02]} 11. Rc1 {[%emt 0:00:01]} Kb8 {[%emt 0:00:01]} 12. Ne1 {[%emt 0:00:01]} Bg6 {[%emt 0:00:01]} 13. Bd3 {[%emt 0:00:00]} f5 {[%emt 0:00:02]} 14. f3 {[%emt 0:00:01]} f4 {[%emt 0:00:01]} 15. Bf2 {[%emt 0:00:01]} a6 {[%emt 0:00:02]} 16. Bxg6 {[%emt 0:00:01]} Nxg6 {[%emt 0:00:02]} 17. Nd3 {[%emt 0:00:01]} Rhe8 {[%emt 0:00:01]} 18. a3 {[%emt 0:00:01]} Re3 {[%emt 0:00:03]} 19. Bxe3 {[%emt 0:00:01]} fxe3 {[%emt 0:00:00]} 20. Qxe3 {[%emt 0:00:01]} Nb6 {[%emt 0:00:02]} 21. Qf2 {[%emt 0:00:02]} Nc4 {[%emt 0:00:02]} 22. g3 {[%emt 0:00:02]} Qb6 {[%emt 0:00:01]} 23. Rce1 {[%emt 0:00:07]} Bxa3 {[%emt 0:00:02]} 24. Kc1 {[%emt 0:00:02]} Bxb2+ {[%emt 0:00:02]} 25. Kd1 {[%emt 0:00:02]} Bxc3 {[%emt 0:00:01]} 26. Ke2 {[%emt 0:00:01]} Bxd4 {[%emt 0:00:02]} 27. Qg2 {[%emt 0:00:03]} Re8+ {[%emt 0:00:01]} 28. Kf1 {[%emt 0:00:01]} Ne3+ {[%emt 0:00:01]} 29. Rxe3 {[%emt 0:00:01]} Rxe3 {[%emt 0:00:01]} 30. f4 {[%emt 0:00:04]} Qb1+ {[%emt 0:00:01]} 31. Kf2 {[%emt 0:00:03]} Qxc2+ {[%emt 0:00:01]} 32. Kg1 {[%emt 0:00:03]} Qd1+ {[%emt 0:00:04]} 33. Kf2 {[%emt 0:00:01]} Rxd3# {[%emt 0:00:01] (Lag: Av=0.52s, max=0.8s)} 0-1

[Event "Stay Safe Play from Home 161"]
[Site "T#646205Emanuel Laske"]
[Date "2020.05.20"]
[Round "9"]
[White "Tavares"]
[Black "Trotsky"]
[Result "1-0"]
[WhiteElo "1732"]
[BlackElo "1510"]
[Annotator "NA"]
[PlyCount "51"]
[EventDate "2020.05.20"]
[EventType "swiss (blitz)"]

1. e4 {[%emt 0:00:04]} c5 {[%emt 0:00:01]} 2. Nf3 {[%emt 0:00:01]} e6 {[%emt 0:00:00]} 3. d4 {[%emt 0:00:01]} d5 {[%emt 0:00:00]} 4. exd5 {[%emt 0:00:01]} exd5 {[%emt 0:00:01]} 5. Bb5+ {[%emt 0:00:00]} Nc6 {[%emt 0:00:01]} 6. Bxc6+ {[%emt 0:00:01]} bxc6 {[%emt 0:00:01]} 7. O-O {[%emt 0:00:00]} Be6 {[%emt 0:00:01]} 8. Re1 {[%emt 0:00:00]} Qc7 {[%emt 0:00:02]} 9. Ng5 {[%emt 0:00:02]} O-O-O {[%emt 0:00:02]} 10. dxc5 {[%emt 0:00:02]} Bxc5 {[%emt 0:00:03]} 11. Nc3 {[%emt 0:00:01]} Bd6 {[%emt 0:00:05]} 12. h3 {[%emt 0:00:02]} h5 {[%emt 0:00:02]} 13. Rxe6 {[%emt 0:00:02]} Nh6 {[%emt 0:00:02]} 14. Re1 {[%emt 0:00:02]} Ng4 {[%emt 0:00:02]} 15. Nf3 {[%emt 0:00:01]} f6 {[%emt 0:00:08]} 16. Be3 {[%emt 0:00:05]} Bh2+ {[%emt 0:00:02]} 17. Kf1 {[%emt 0:00:02]} d4 {[%emt 0:00:03]} 18. Nxd4 {[%emt 0:00:01]} Be5 {[%emt 0:00:06]} 19. hxg4 {[%emt 0:00:04]} hxg4 {[%emt 0:00:03]} 20. Qxg4+ {[%emt 0:00:02]} Kb8 {[%emt 0:00:03]} 21. Rad1 {[%emt 0:00:06]} Rh1+ {[%emt 0:00:02]} 22. Ke2 {[%emt 0:00:01]} Rxe1+ {[%emt 0:00:03]} 23. Kxe1 {[%emt 0:00:01]} Qd7 {[%emt 0:00:04]} 24. Qxd7 {[%emt 0:00:02]} Rxd7 {[%emt 0:00:01]} 25. Nf3 {[%emt 0:00:00]} Rxd1+ {[%emt 0:00:02]} 26. Kxd1 {[%emt 0:00:00] Âðåìÿ (Lag: Av=0.35s, max=0.8s)} 1-0

[Event "Stay Safe Play from Home 161"]
[Site "T#646205Emanuel Laske"]
[Date "2020.05.20"]
[Round "9"]
[White "UHU4"]
[Black "Matanant"]
[Result "0-1"]
[WhiteElo "1503"]
[BlackElo "1634"]
[Annotator "NA"]
[PlyCount "56"]
[EventDate "2020.05.20"]
[EventType "swiss (blitz)"]

1. e4 {[%emt 0:00:04]} e5 {[%emt 0:00:02]} 2. Nf3 {[%emt 0:00:01]} d5 {[%emt 0:00:00]} 3. exd5 {[%emt 0:00:01]} e4 {[%emt 0:00:01]} 4. Qe2 {[%emt 0:00:01]} Nf6 {[%emt 0:00:00]} 5. Nc3 {[%emt 0:00:02]} Be7 {[%emt 0:00:01]} 6. Nxe4 {[%emt 0:00:01]} O-O {[%emt 0:00:01]} 7. d3 {[%emt 0:00:01]} Re8 {[%emt 0:00:01]} 8. Bg5 {[%emt 0:00:02]} Nxd5 {[%emt 0:00:04]} 9. Bxe7 {[%emt 0:00:01]} Rxe7 {[%emt 0:00:01]} 10. Qd2 {[%emt 0:00:03]} f5 {[%emt 0:00:02]} 11. Nfg5 {[%emt 0:00:03]} fxe4 {[%emt 0:00:02]} 12. Nxe4 {[%emt 0:00:01]} Nf6 {[%emt 0:00:01]} 13. f3 {[%emt 0:00:01]} Nxe4 {[%emt 0:00:01]} 14. fxe4 {[%emt 0:00:03]} Nc6 {[%emt 0:00:00]} 15. O-O-O {[%emt 0:00:02]} Be6 {[%emt 0:00:03]} 16. Kb1 {[%emt 0:00:02]} Qd4 {[%emt 0:00:04]} 17. c3 {[%emt 0:00:04]} Qa4 {[%emt 0:00:02]} 18. b3 {[%emt 0:00:05]} Bxb3 {[%emt 0:00:01]} 19. axb3 {[%emt 0:00:01]} Qxb3+ {[%emt 0:00:01]} 20. Qb2 {[%emt 0:00:00]} Qxd1+ {[%emt 0:00:02]} 21. Ka2 {[%emt 0:00:01]} a6 {[%emt 0:00:07]} 22. g3 {[%emt 0:00:01]} a5 {[%emt 0:00:01]} 23. h4 {[%emt 0:00:06]} a4 {[%emt 0:00:01]} 24. Bg2 {[%emt 0:00:02]} Qxd3 {[%emt 0:00:02]} 25. Re1 {[%emt 0:00:05]} Qc4+ {[%emt 0:00:04]} 26. Ka1 {[%emt 0:00:01]} a3 {[%emt 0:00:01]} 27. Qc2 {[%emt 0:00:01]} Na5 {[%emt 0:00:02]} 28. Bf1 {[%emt 0:00:05]} Nb3+ {[%emt 0:00:01] Tiempo (Lag: Av=0.62s, max=1.0s)} 0-1